LEADER 01222nam--2200373---450- 001 990006060230203316 005 20150929084351.0 035 $a000606023 035 $aUSA01000606023 035 $a(ALEPH)000606023USA01 035 $a000606023 100 $a20150717d--------km-y0itay50------ba 101 $aita 102 $aIT 105 $a||||||||001yy 200 1 $a<> rapporti tra l'Architettura siciliana e quella campana del Medioevo$fStefano Bottari 210 $a[Roma]$cLibreria dello Stato$d[s.d.] 215 $a7-28 p.$cill.$d29 cm 300 $aEstratto da: Palladio, gennaio-giugno 1955, n. 1-2 300 $aTitolo della copertina 410 0$12001 454 1$12001 606 0 $aArchitettura$xInflussi [dell'] Architettura bizantina [della] Sicilia$yCampania$2BNCF 676 $a720.94572 700 1$aBOTTARI,$bStefano$036125 801 0$aIT$bsalbc$gISBD 912 $a990006060230203316 951 $aFC.OE. 773$b891 FCil$cFC.OE.$d378052 959 $aBK 969 $aFCIL 979 $aGENEROSO$b90$c20150717$lUSA01$h1349 979 $aGENEROSO$b90$c20150929$lUSA01$h0843 996 $aRapporti tra l'Architettura siciliana e quella campana del Medioevo$91102520 997 $aUNISA LEADER 01028nam a2200289 i 4500 001 991000008619707536 005 20020503105723.0 008 000322s1997 it ||| | ita 020 $a8831766155 035 $ab10006060-39ule_inst 035 $aLE01988810$9ExL 040 $aDip.to Beni Arti e Storia$bita 082 0 $a741 100 1 $aLevi, Donata$037988 245 10$aRuskin didatta :$bil disegno tra disciplina e diletto /$cDonata Levi, Paul Tucker 260 $aVenezia :$bMarsilio,$cc1997 300 $a283 p. :$btav. ;$c22 cm. 490 0 $aSaggi [Marsilio] 650 4$aDisegno$ySec. 20. 650 4$aRuskin, John 700 1 $aTucker, Paul$eauthor$4http://id.loc.gov/vocabulary/relators/aut$038979 907 $a.b10006060$b17-02-17$c29-05-02 912 $a991000008619707536 945 $aLE019 A4 AR C 22$g1$i2019000074650$lle019$o-$pE0.00$q-$rl$s- $t0$u0$v0$w0$x0$y.i10008111$z29-05-02 996 $aRuskin didatta$91444185 997 $aUNISALENTO 998 $ale019$b01-01-00$cm$da $e-$fita$git $h0$i1